Ergoterapie a technické pomůcky v rehabilitaci /

Hlavní autor: Votava, Jiří, 1942-
Korporativní autor: Technická univerzita v Liberci. Katedra sociálních studií a speciální pedagogiky
Jazyk: Čeština
Vydáno: Liberec : Technická univerzita v Liberci, 2009
Vydání: Vyd. 1.
Témata:
Fyzický popis: 71 s. ; 30 cm
Knihy
Uloženo v:
LEADER 02053nam a2200517 a 4500
001 nkc20091864602
003 CZ PrNK
005 20090714113335.0
007 ta
008 090323s2009 xr e p 000 0 cze
015 |a cnb001864602 
020 |a 978-80-7372-449-8  |q (brož.) 
035 |a (OCoLC)320230314 
040 |a OLA001  |b cze 
072 7 |a 615.8  |x Fyzioterapie. Psychoterapie. Alternativní lékařství  |2 Konspekt  |9 14 
072 7 |a 37.016  |x Učební osnovy. Vyučovací předměty. Učebnice  |2 Konspekt  |9 22 
080 |a 615.851.3  |2 MRF 
080 |a 615.8-7  |2 MRF 
080 |a 616-74  |2 MRF 
080 |a 364-787.52  |2 MRF 
080 |a 692.65  |2 MRF 
080 |a (075.8)  |2 MRF 
100 1 |a Votava, Jiří,  |d 1942-  |7 jn20000402605  |4 aut 
245 1 0 |a Ergoterapie a technické pomůcky v rehabilitaci /  |c Jiří Votava 
250 |a Vyd. 1. 
260 |a Liberec :  |b Technická univerzita v Liberci,  |c 2009 
300 |a 71 s. ;  |c 30 cm 
500 |a Nad názvem: Technická univerzita v Liberci, Fakulta přírodovědně-humanitní a pedagogická, katedra sociálních studií a speciální pedagogiky 
504 |a Obsahuje bibliografii 
521 8 |a Určeno pro studenty SP Speciální pedagogika a Sociální práce 
650 0 7 |a ergoterapie  |7 ph119986  |2 czenas 
650 0 7 |a rehabilitační pomůcky  |7 ph125091  |2 czenas 
650 0 7 |a kompenzační pomůcky  |7 ph121759  |2 czenas 
650 0 7 |a bezbariérový přístup  |7 ph151457  |2 czenas 
650 0 9 |a occupational therapy  |2 eczenas 
650 0 9 |a rehabilitation aids  |2 eczenas 
650 0 9 |a compensatory aids  |2 eczenas 
650 0 9 |a barrier-free design  |2 eczenas 
655 7 |a učebnice vysokých škol  |7 fd133772  |2 czenas 
655 9 |a textbooks (higher)  |2 eczenas 
710 2 |a Technická univerzita v Liberci.  |b Katedra sociálních studií a speciální pedagogiky  |7 mzk2003188332 
910 2 |a BOA001  |b 4-1222.864 
990 |a BK 
995 |a 01 
991 |b 200907  |c NOV 
996 6 |b 2610380570  |c 4-1222.864  |l MZK  |r Sklad / do 1 hodiny  |n 25  |p p.v.  |w 000934381  |u 000010  |a 1  |e BOA001  |j MZK50  |s P